000 00311nam a22001337a 4500
008 180921b xxu||||| |||| 00| 0 eng d
020 _a9780963448910
041 _aeng
080 _a371
100 _a25
101 _aEDU
245 _aThe Why Who and How of the Editorial Page
_cRystrom, K
942 _2udc
_cBK
999 _c48175
_d48175